[Event "Extraliga 2018/2019"]
[Site "?"]
[Date "2018.11.03"]
[Round "1.1"]
[White "UNB1 Konopka Michal IM 2367"]
[Black "TES1 Molenda Marcin FM 2378"]
[Result "1/2-1/2"]
[BlackElo "2378"]
[WhiteElo "2367"]
[LiveChessVersion "1.4.8"]

1. d4 {[%clk 1:30:56]} d5 {[%clk 1:30:53]} 2. Nf3 {[%clk 1:31:00]} Nf6
{[%clk 1:31:17]} 3. c4 {[%clk 1:31:11]} e6 {[%clk 1:31:41]} 4. g3
{[%clk 1:31:13]} dxc4 {[%clk 1:32:04]} 5. Qa4+ {[%clk 1:28:47]} Nbd7
{[%clk 1:31:54]} 6. Bg2 {[%clk 1:27:19]} a6 {[%clk 1:31:59]} 7. Nc3
{[%clk 1:27:24]} Be7 {[%clk 1:30:50]} 8. Qxc4 {[%clk 1:24:11]} b5
{[%clk 1:28:17]} 9. Qd3 {[%clk 1:23:29]} Bb7 {[%clk 1:28:27]} 10. O-O
{[%clk 1:22:03]} c5 {[%clk 1:26:17]} 11. Bg5 {[%clk 1:14:59]} O-O
{[%clk 1:23:47]} 12. Rad1 {[%clk 1:07:15]} h6 {[%clk 1:18:29]} 13. Bxf6
{[%clk 1:06:14]} Nxf6 {[%clk 1:13:12]} 14. dxc5 {[%clk 1:05:18]} Bxc5
{[%clk 1:08:47]} 15. Ne5 {[%clk 1:00:50]} Bxg2 {[%clk 1:06:08]} 16. Kxg2
{[%clk 0:54:17]} Qb6 {[%clk 1:05:08]} 17. Ne4 {[%clk 0:45:21]} Qb7
{[%clk 1:03:17]} 18. f3 {[%clk 0:45:42]} Nxe4 {[%clk 1:02:37]} 19. Qxe4
{[%clk 0:46:06]} Qxe4 {[%clk 1:02:45]} 20. fxe4 {[%clk 0:46:30]} Rfd8
{[%clk 0:50:08]} 21. Rxd8+ {[%clk 0:41:24]} Rxd8 {[%clk 0:49:51]} 22. Nd3
{[%clk 0:41:36]} Bd4 {[%clk 0:36:15]} 23. Rc1 {[%clk 0:41:42]} a5
{[%clk 0:31:04]} 24. Kf3 {[%clk 0:38:48]} f5 {[%clk 0:20:47]} 25. Rc6
{[%clk 0:33:53]} Kf7 {[%clk 0:20:24]} 26. b3 {[%clk 0:32:10]} fxe4+
{[%clk 0:10:55]} 27. Kxe4 {[%clk 0:32:23]} Bf6 {[%clk 0:08:26]} 28. Rc7+
{[%clk 0:26:43]} Ke8 {[%clk 0:05:34]} 29. Rc6 {[%clk 0:16:02]} Ke7
{[%clk 0:02:22]} 30. e3 {[%clk 0:15:41]} Rd6 {[%clk 0:01:12]} 31. Rc7+
{[%clk 0:14:30]} Rd7 {[%clk 0:01:40]} 32. Rc5 {[%clk 0:14:20]} Rb7
{[%clk 0:02:06]} 33. Rc6 {[%clk 0:14:44]} Kd7 {[%clk 0:00:41]} 34. Ra6
{[%clk 0:12:00]} Rc7 {[%clk 0:01:05]} 35. Rxa5 {[%clk 0:12:16]} Rc2
{[%clk 0:01:34]} 36. h4 {[%clk 0:10:26]} Kc7 {[%clk 0:01:46]} 37. Ra6
{[%clk 0:08:51]} Kb7 {[%clk 0:01:03]} 38. Nb4 {[%clk 0:08:41]} Rg2
{[%clk 0:01:28]} 39. Kf3 {[%clk 0:08:26]} Rd2 {[%clk 0:01:56]} 40. Rxe6
{[%clk 0:08:45]} Bc3 {[%clk 0:02:17]} 41. a3 {[%clk 0:07:24]} Rb2
{[%clk 0:01:49]} 42. Nd3 {[%clk 0:04:38]} Ra2 {[%clk 0:30:02]} 43. a4
{[%clk 0:31:02]} bxa4 {[%clk 0:30:15]} 44. bxa4 {[%clk 0:30:27]} Kc7
{[%clk 0:30:41]} 45. Re4 {[%clk 0:29:03]} Kd6 {[%clk 0:30:50]} 46. Rc4
{[%clk 0:28:40]} Bf6 {[%clk 0:31:08]} 47. e4 {[%clk 0:23:52]} Ra3
{[%clk 0:31:24]} 48. Ke3 {[%clk 0:24:06]} Be5 {[%clk 0:31:50]} 49. g4
{[%clk 0:22:49]} Bf6 {[%clk 0:32:00]} 50. h5 {[%clk 0:20:02]} Ra1
{[%clk 0:31:55]} 51. Rb4 {[%clk 0:19:25]} Ra3 {[%clk 0:31:38]} 52. Ke2
{[%clk 0:17:18]} Ra2+ {[%clk 0:32:01]} 53. Kf3 {[%clk 0:17:30]} Ra3
{[%clk 0:32:27]} 54. Ke3 {[%clk 0:17:43]} Kc6 {[%clk 0:30:41]} 55. Ke2
{[%clk 0:13:22]} Ra2+ {[%clk 0:31:02]} 56. Kf3 {[%clk 0:10:21]} Ra3
{[%clk 0:31:04]} 57. Ke3 {[%clk 0:10:27]} Kd6 {[%clk 0:29:34]} 58. Rb6+
{[%clk 0:04:47]} Kc7 {[%clk 0:29:47]} 59. Ra6 {[%clk 0:05:04]} Kb7
{[%clk 0:29:46]} 60. Re6 {[%clk 0:03:57]} Kc7 {[%clk 0:30:11]} 61. Ra6
{[%clk 0:02:35]} Kb7 {[%clk 0:30:34]} 62. Ra5 {[%clk 0:02:47]} Kb6
{[%clk 0:30:35]} 63. Ra8 {[%clk 0:03:05]} Kb7 {[%clk 0:30:41]} 64. Rg8
{[%clk 0:02:20]} Kc6 {[%clk 0:31:02]} 65. Ke2 {[%clk 0:01:33]} Rxa4
{[%clk 0:24:51]} 66. e5 {[%clk 0:01:43]} Bg5 {[%clk 0:25:17]} 67. Rxg7
{[%clk 0:01:31]} Rxg4 {[%clk 0:24:56]} 68. Kf3 {[%clk 0:01:48]} Rd4
{[%clk 0:25:17]} 69. Rg6+ {[%clk 0:01:45]} Kb5 {[%clk 0:24:14]} 70. Nf2
{[%clk 0:02:00]} Rh4 {[%clk 0:19:36]} 71. Ne4 {[%clk 0:01:49]} Rh3+
{[%clk 0:17:47]} 72. Ng3 {[%clk 0:01:17]} Rh4 {[%clk 0:17:26]} 73. e6
{[%clk 0:01:15]} Kc6 {[%clk 0:17:38]} 74. Ne4 {[%clk 0:01:18]} Rxh5
{[%clk 0:16:58]} 75. Kg4 {[%clk 0:01:14]} Rh4+ {[%clk 0:14:08]} 76. Kf5
{[%clk 0:01:39]} Kd5 {[%clk 0:14:13]} 77. Nxg5 {[%clk 0:01:34]} hxg5
{[%clk 0:14:30]} 78. Kf6 {[%clk 0:00:57]} Kd6 {[%clk 0:14:46]} 79. e7
{[%clk 0:00:47]} Kd7 {[%clk 0:14:34]} 80. Rg8 {[%clk 0:00:44]} Rf4+
{[%clk 0:14:47]} 81. Kxg5 {[%clk 0:01:08]} Re4 {[%clk 0:15:12]} 1/2-1/2

[Event "Extraliga 2018/2019"]
[Site "?"]
[Date "2018.11.03"]
[Round "1.2"]
[White "TES2 Straka Vojtech FM 2393"]
[Black "UNB3 Jurcik Martin FM 2331"]
[Result "1/2-1/2"]
[BlackElo "2331"]
[WhiteElo "2393"]
[LiveChessVersion "1.4.8"]

1. c4 {[%clk 1:29:21]} c6 {[%clk 1:29:11]} 2. d4 {[%clk 1:28:57]} d5
{[%clk 1:29:08]} 3. cxd5 {[%clk 1:28:47]} cxd5 {[%clk 1:29:20]} 4. Nc3
{[%clk 1:29:12]} Nf6 {[%clk 1:26:07]} 5. Bf4 {[%clk 1:29:25]} Nc6
{[%clk 1:14:13]} 6. e3 {[%clk 1:29:43]} Bf5 {[%clk 1:08:02]} 7. Qb3
{[%clk 1:29:58]} Na5 {[%clk 1:00:03]} 8. Bb5+ {[%clk 1:30:19]} Bd7
{[%clk 1:00:23]} 9. Qd1 {[%clk 1:30:41]} Rc8 {[%clk 0:53:52]} 10. Bxd7+
{[%clk 1:24:56]} Qxd7 {[%clk 0:52:11]} 11. Nf3 {[%clk 1:25:05]} a6
{[%clk 0:33:25]} 12. Ne5 {[%clk 1:20:47]} Qd8 {[%clk 0:33:48]} 13. Qa4+
{[%clk 1:19:10]} Nc6 {[%clk 0:33:42]} 14. O-O {[%clk 1:13:25]} e6
{[%clk 0:33:18]} 15. Rfc1 {[%clk 1:10:00]} Qb6 {[%clk 0:03:00]} 16. Ne2
{[%clk 1:04:08]} Be7 {[%clk 0:03:17]} 17. Rc2 {[%clk 0:56:38]} O-O
{[%clk 0:03:21]} 18. Rac1 {[%clk 0:56:51]} Na7 {[%clk 0:02:57]} 19. Nd7
{[%clk 0:44:40]} Nxd7 {[%clk 0:02:46]} 20. Qxd7 {[%clk 0:45:07]} Rxc2
{[%clk 0:01:39]} 21. Rxc2 {[%clk 0:45:34]} Qb4 {[%clk 0:01:43]} 22. Nc3
{[%clk 0:32:08]} Rd8 {[%clk 0:02:08]} 23. Qc7 {[%clk 0:32:20]} Rc8
{[%clk 0:02:08]} 24. Qd7 {[%clk 0:32:29]} Rd8 {[%clk 0:02:00]} 25. Qc7
{[%clk 0:32:47]} Rc8 {[%clk 0:02:22]} 26. Qd7 {[%clk 0:32:55]} Rd8
{[%clk 0:02:37]} 1/2-1/2

[Event "Extraliga 2018/2019"]
[Site "?"]
[Date "2018.11.03"]
[Round "1.3"]
[White "UNB5 Parizek Vojtech  2277"]
[Black "TES4 Piesik Piotr FM 2412"]
[Result "1/2-1/2"]
[BlackElo "2412"]
[WhiteElo "2277"]
[LiveChessVersion "1.4.8"]

1. e4 {[%clk 1:30:57]} g6 {[%clk 1:30:40]} 2. d4 {[%clk 1:31:12]} Bg7
{[%clk 1:31:05]} 3. Nc3 {[%clk 1:31:17]} c6 {[%clk 1:31:11]} 4. Nf3
{[%clk 1:30:50]} d6 {[%clk 1:29:54]} 5. Be3 Nf6 {[%clk 1:26:16]} 6. h3
{[%clk 1:28:09]} O-O {[%clk 1:22:41]} 7. Bd3 {[%clk 1:25:55]} Nbd7
{[%clk 1:21:09]} 8. O-O {[%clk 1:22:07]} e5 {[%clk 1:19:38]} 9. Qd2
{[%clk 1:12:00]} Re8 {[%clk 1:15:13]} 10. a4 {[%clk 1:05:15]} b6 {[%clk 0:39:36]}
11. Rfe1 {[%clk 0:58:53]} Bb7 {[%clk 0:37:05]} 12. Rad1 {[%clk 0:56:38]} Qc7
{[%clk 0:35:19]} 13. Bc4 {[%clk 0:41:01]} exd4 {[%clk 0:23:06]} 14. Bxd4
{[%clk 0:39:22]} Ne5 {[%clk 0:23:29]} 15. Nxe5 {[%clk 0:26:01]} dxe5
{[%clk 0:23:54]} 16. Be3 {[%clk 0:26:27]} Rad8 {[%clk 0:21:34]} 17. Qe2
{[%clk 0:25:58]} Bc8 {[%clk 0:18:49]} 18. Rxd8 {[%clk 0:14:13]} Rxd8
{[%clk 0:19:13]} 19. Rd1 {[%clk 0:14:31]} Bf8 {[%clk 0:13:50]} 20. Rd3
{[%clk 0:12:21]} Be7 {[%clk 0:09:46]} 21. Qd2 {[%clk 0:09:48]} Nh5
{[%clk 0:06:52]} 22. Ne2 {[%clk 0:09:14]} Ng7 {[%clk 0:05:36]} 23. Nc1
{[%clk 0:04:23]} Be6 {[%clk 0:05:00]} 24. Qc3 {[%clk 0:03:45]} Bxc4
{[%clk 0:04:07]} 25. Qxc4 {[%clk 0:04:03]} Ne6 {[%clk 0:04:16]} 26. Rxd8+
{[%clk 0:04:20]} Bxd8 {[%clk 0:04:22]} 27. Nd3 {[%clk 0:04:40]} Be7
{[%clk 0:04:05]} 28. Bd2 {[%clk 0:03:27]} Nc5 {[%clk 0:02:22]} 29. Bc3
{[%clk 0:02:03]} Nxd3 {[%clk 0:02:06]} 1/2-1/2

[Event "Extraliga 2018/2019"]
[Site "?"]
[Date "2018.11.03"]
[Round "1.4"]
[White "TES5 Langner Ladislav IM 2397"]
[Black "UNB6 Vrbata Zbynek FM 2339"]
[Result "0-1"]
[BlackElo "2339"]
[WhiteElo "2397"]
[LiveChessVersion "1.4.8"]

1. e4 {[%clk 1:30:56]} e6 {[%clk 1:30:50]} 2. d4 {[%clk 1:31:24]} d5
{[%clk 1:31:13]} 3. e5 {[%clk 1:31:52]} c5 {[%clk 1:31:20]} 4. c3
{[%clk 1:32:17]} Nc6 {[%clk 1:31:30]} 5. Nf3 {[%clk 1:32:42]} Qb6
{[%clk 1:31:35]} 6. Be2 {[%clk 1:32:07]} cxd4 {[%clk 1:30:04]} 7. cxd4
{[%clk 1:32:31]} Nh6 {[%clk 1:30:24]} 8. Nc3 {[%clk 1:31:21]} Nf5
{[%clk 1:29:48]} 9. Na4 {[%clk 1:31:45]} Qa5+ {[%clk 1:28:16]} 10. Bd2
{[%clk 1:28:18]} Bb4 {[%clk 1:26:17]} 11. Bc3 {[%clk 1:28:40]} Bxc3+
{[%clk 1:24:14]} 12. Nxc3 {[%clk 1:28:38]} Qb6 {[%clk 1:20:09]} 13. Bb5
{[%clk 1:28:23]} O-O {[%clk 0:41:10]} 14. Bxc6 {[%clk 1:28:35]} Qxc6
{[%clk 0:39:48]} 15. O-O {[%clk 1:23:29]} Bd7 {[%clk 0:38:40]} 16. Qd2
{[%clk 1:16:12]} Rac8 {[%clk 0:36:03]} 17. h4 {[%clk 1:15:43]} Qb6
{[%clk 0:34:31]} 18. Rfd1 {[%clk 1:08:34]} Rc4 {[%clk 0:28:22]} 19. Rac1
{[%clk 0:56:29]} Rfc8 {[%clk 0:25:17]} 20. b3 {[%clk 0:35:22]} R4c7
{[%clk 0:23:38]} 21. Rc2 {[%clk 0:31:56]} Qb4 {[%clk 0:17:49]} 22. Rdc1
{[%clk 0:30:45]} a5 {[%clk 0:13:49]} 23. Qd3 {[%clk 0:25:59]} h6 {[%clk 0:09:15]}
24. g4 {[%clk 0:18:03]} Ne7 {[%clk 0:09:13]} 25. Kg2 {[%clk 0:18:12]} a4
{[%clk 0:04:43]} 26. Nd2 {[%clk 0:11:19]} axb3 {[%clk 0:03:58]} 27. Nxb3
{[%clk 0:11:28]} b6 {[%clk 0:03:30]} 28. h5 {[%clk 0:04:19]} Rc4 {[%clk 0:03:35]}
29. Qd2 {[%clk 0:01:23]} Kf8 {[%clk 0:01:31]} 30. Ne2 {[%clk 0:00:52]} Qa4
{[%clk 0:01:46]} 31. Rxc4 {[%clk 0:00:53]} dxc4 {[%clk 0:02:07]} 32. Na1
{[%clk 0:01:12]} Ra8 {[%clk 0:02:09]} 33. Nc3 {[%clk 0:01:22]} Qc6+
{[%clk 0:02:35]} 34. f3 {[%clk 0:01:38]} b5 {[%clk 0:02:55]} 35. Nc2
{[%clk 0:01:54]} Rd8 {[%clk 0:02:43]} 36. Nb4 {[%clk 0:01:37]} Qa8
{[%clk 0:02:59]} 37. Ne4 {[%clk 0:00:49]} Bc6 {[%clk 0:02:44]} 38. Nd6
{[%clk 0:00:38]} Nc8 {[%clk 0:02:26]} 39. Nxc8 {[%clk 0:00:42]} Qxc8
{[%clk 0:02:21]} 40. Nxc6 Qxc6 {[%clk 0:02:50]} 41. Qb4+ {[%clk 0:00:38]} Kg8
{[%clk 0:01:59]} 42. Rd1 {[%clk 0:24:12]} Ra8 {[%clk 0:24:43]} 43. a3
{[%clk 0:14:18]} Qd5 {[%clk 0:17:21]} 44. Qc3 {[%clk 0:08:08]} Ra4
{[%clk 0:10:47]} 45. Rb1 {[%clk 0:08:33]} Qc6 {[%clk 0:10:42]} 46. Qb2
{[%clk 0:06:39]} Ra5 {[%clk 0:10:05]} 47. Qb4 {[%clk 0:05:49]} Qa8
{[%clk 0:09:26]} 48. Ra1 {[%clk 0:03:19]} Qa7 {[%clk 0:05:00]} 49. Ra2
{[%clk 0:03:48]} Qc7 {[%clk 0:04:05]} 50. Rb2 {[%clk 0:03:27]} Qa7
{[%clk 0:04:12]} 51. Ra2 {[%clk 0:03:45]} Qb6 {[%clk 0:04:29]} 52. Qe7
{[%clk 0:00:50]} Ra8 {[%clk 0:04:41]} 53. Rb2 {[%clk 0:00:40]} c3
{[%clk 0:04:56]} 54. Rb3 {[%clk 0:00:38]} Qxd4 {[%clk 0:04:48]} 55. Rxb5
{[%clk 0:00:58]} c2 {[%clk 0:04:27]} 56. Rb7 {[%clk 0:01:08]} Rf8
{[%clk 0:04:47]} 57. Rc7 {[%clk 0:00:34]} Qd2+ {[%clk 0:05:08]} 0-1

[Event "Extraliga 2018/2019"]
[Site "?"]
[Date "2018.11.03"]
[Round "1.5"]
[White "UNB7 Kuba Jindrich FM 2304"]
[Black "TES6 Mrazek Lumir FM 2356"]
[Result "1-0"]
[BlackElo "2356"]
[WhiteElo "2304"]
[LiveChessVersion "1.4.8"]

1. e4 {[%clk 1:30:58]} c5 {[%clk 1:30:52]} 2. Nf3 {[%clk 1:31:24]} d6
{[%clk 1:31:06]} 3. d4 {[%clk 1:31:43]} cxd4 {[%clk 1:31:29]} 4. Nxd4
{[%clk 1:32:11]} Nf6 {[%clk 1:31:49]} 5. Nc3 {[%clk 1:32:15]} a6 {[%clk 1:32:12]}
6. Be2 {[%clk 1:31:46]} e6 {[%clk 1:32:09]} 7. O-O {[%clk 1:31:39]} Be7
{[%clk 1:32:34]} 8. a4 {[%clk 1:28:27]} O-O {[%clk 1:31:51]} 9. Be3
{[%clk 1:27:46]} Nc6 {[%clk 1:30:32]} 10. Nb3 {[%clk 1:23:51]} Na5
{[%clk 1:23:34]} 11. Nxa5 {[%clk 1:23:06]} Qxa5 {[%clk 1:23:50]} 12. Qd2
{[%clk 1:23:26]} Qb4 {[%clk 1:18:07]} 13. f3 {[%clk 1:22:47]} Re8
{[%clk 1:11:25]} 14. a5 {[%clk 1:08:43]} Bd7 {[%clk 0:54:43]} 15. Ra3
{[%clk 1:04:47]} Bc6 {[%clk 0:51:39]} 16. Rd1 {[%clk 0:44:29]} d5
{[%clk 0:47:58]} 17. Rb3 {[%clk 0:39:33]} Qd6 {[%clk 0:36:30]} 18. exd5
{[%clk 0:39:25]} exd5 {[%clk 0:33:07]} 19. Bf1 {[%clk 0:38:18]} Bd8
{[%clk 0:29:22]} 20. Ne2 {[%clk 0:38:05]} Bc7 {[%clk 0:28:57]} 21. g3
{[%clk 0:37:58]} Qd8 {[%clk 0:28:52]} 22. Bb6 {[%clk 0:36:55]} Bb5
{[%clk 0:22:46]} 23. Bxc7 {[%clk 0:32:50]} Qxc7 {[%clk 0:23:05]} 24. Nd4
{[%clk 0:33:13]} Bc4 {[%clk 0:21:53]} 25. Ra3 {[%clk 0:33:04]} Re5
{[%clk 0:18:41]} 26. Bg2 {[%clk 0:29:35]} Rae8 {[%clk 0:17:34]} 27. Raa1
{[%clk 0:29:32]} Qc5 {[%clk 0:16:52]} 28. Kh1 h6 {[%clk 0:15:41]} 29. b4
{[%clk 0:27:51]} Qa7 {[%clk 0:08:29]} 30. c3 {[%clk 0:28:11]} Qb8
{[%clk 0:06:14]} 31. Re1 {[%clk 0:28:19]} Qc7 {[%clk 0:06:29]} 32. Kg1
{[%clk 0:27:43]} Qb8 {[%clk 0:05:48]} 33. Kf2 {[%clk 0:25:55]} Qc7
{[%clk 0:05:18]} 34. Rxe5 {[%clk 0:26:14]} Qxe5 {[%clk 0:05:01]} 35. Re1
{[%clk 0:26:34]} Qh5 {[%clk 0:04:51]} 36. Rxe8+ {[%clk 0:23:31]} Nxe8
{[%clk 0:05:20]} 37. Qf4 {[%clk 0:21:27]} Nf6 {[%clk 0:04:02]} 38. h4
{[%clk 0:19:42]} Nd7 {[%clk 0:02:58]} 39. Nf5 {[%clk 0:18:58]} Kh7
{[%clk 0:02:02]} 40. Bh3 {[%clk 0:11:20]} Kh8 {[%clk 0:00:36]} 41. Qd6
{[%clk 0:08:36]} Bb5 {[%clk 0:30:12]} 42. Qe7 {[%clk 0:34:05]} Kg8
{[%clk 0:23:27]} 43. Qd8+ {[%clk 0:31:58]} Kh7 {[%clk 0:23:22]} 44. Qe7
{[%clk 0:16:23]} Nf6 {[%clk 0:10:14]} 45. Nd4 {[%clk 0:10:21]} Bd3
{[%clk 0:10:00]} 46. Qxb7 {[%clk 0:09:18]} g5 {[%clk 0:07:57]} 47. hxg5
{[%clk 0:07:07]} hxg5 {[%clk 0:07:24]} 48. Qe7 {[%clk 0:06:25]} Kg6
{[%clk 0:07:16]} 49. Bg2 {[%clk 0:05:17]} g4 {[%clk 0:07:44]} 50. Qe3
{[%clk 0:05:04]} Bf5 {[%clk 0:06:30]} 51. Nxf5 {[%clk 0:04:28]} Qxf5
{[%clk 0:06:54]} 52. Kg1 {[%clk 0:04:09]} Qb1+ {[%clk 0:06:30]} 53. Bf1
{[%clk 0:04:12]} gxf3 {[%clk 0:04:04]} 54. Qd3+ {[%clk 0:03:29]} Qxd3
{[%clk 0:04:27]} 55. Bxd3+ {[%clk 0:03:58]} Kg5 {[%clk 0:04:56]} 56. Bxa6
{[%clk 0:04:18]} Ne4 {[%clk 0:04:17]} 57. Bd3 {[%clk 0:04:18]} Kg4
{[%clk 0:04:20]} 58. Kh2 {[%clk 0:04:03]} Nxc3 {[%clk 0:03:44]} 59. b5
{[%clk 0:03:51]} Na4 {[%clk 0:03:08]} 60. b6 {[%clk 0:03:19]} Nc5
{[%clk 0:03:33]} 61. Bb5 {[%clk 0:02:45]} d4 {[%clk 0:03:25]} 62. a6
{[%clk 0:03:08]} d3 {[%clk 0:03:48]} 63. Bxd3 {[%clk 0:02:44]} Nxd3
{[%clk 0:04:15]} 64. b7 {[%clk 0:03:10]} 1-0

[Event "Extraliga 2018/2019"]
[Site "?"]
[Date "2018.11.03"]
[Round "1.6"]
[White "TES7 Wiewiora Eneasz FM 2347"]
[Black "UNB8 Rehorek Martin  2283"]
[Result "1/2-1/2"]
[BlackElo "2283"]
[WhiteElo "2347"]
[LiveChessVersion "1.4.8"]

1. e4 {[%clk 1:30:58]} c5 {[%clk 1:30:54]} 2. c3 {[%clk 1:31:23]} Nf6
{[%clk 1:31:18]} 3. e5 {[%clk 1:31:50]} Nd5 {[%clk 1:31:43]} 4. d4
{[%clk 1:32:16]} cxd4 {[%clk 1:32:06]} 5. Nf3 {[%clk 1:32:42]} e6
{[%clk 1:31:12]} 6. cxd4 {[%clk 1:32:58]} Nc6 {[%clk 1:31:08]} 7. Bd3
{[%clk 1:29:02]} d6 {[%clk 1:30:49]} 8. O-O {[%clk 1:27:36]} Be7 {[%clk 1:12:22]}
9. exd6 {[%clk 1:18:48]} Qxd6 {[%clk 1:09:53]} 10. Nc3 {[%clk 1:19:04]} Nxc3
{[%clk 1:09:26]} 11. bxc3 {[%clk 1:19:27]} O-O {[%clk 1:01:08]} 12. Re1
{[%clk 1:10:53]} b6 {[%clk 0:50:37]} 13. Ng5 {[%clk 0:37:35]} Bxg5
{[%clk 0:46:14]} 14. Bxg5 {[%clk 0:38:02]} Bb7 {[%clk 0:37:02]} 15. Qh5
{[%clk 0:34:01]} g6 {[%clk 0:35:12]} 16. Qh6 {[%clk 0:30:49]} f5 {[%clk 0:34:13]}
17. Bc4 {[%clk 0:18:39]} Rae8 {[%clk 0:32:05]} 18. Bf4 {[%clk 0:18:19]} Qd7
{[%clk 0:30:37]} 19. Rxe6 {[%clk 0:07:12]} Rxe6 20. d5 Ne7 {[%clk 0:29:19]} 21.
dxe6 {[%clk 0:06:55]} Qc6 {[%clk 0:29:41]} 22. Bf1 {[%clk 0:01:47]} Qxe6
{[%clk 0:29:45]} 23. Be3 {[%clk 0:01:17]} Nd5 {[%clk 0:15:29]} 24. Bd4
{[%clk 0:01:42]} Nf6 {[%clk 0:15:41]} 25. f3 {[%clk 0:01:49]} Bd5
{[%clk 0:14:22]} 26. Qh4 {[%clk 0:02:05]} Kg7 {[%clk 0:09:52]} 27. Re1
{[%clk 0:02:21]} Qd7 {[%clk 0:08:33]} 28. Kh1 {[%clk 0:02:05]} h6
{[%clk 0:08:19]} 29. a4 {[%clk 0:01:33]} g5 {[%clk 0:07:57]} 30. Qf2
{[%clk 0:01:00]} Kg6 {[%clk 0:07:55]} 31. Qc2 {[%clk 0:01:03]} Nh5
{[%clk 0:06:04]} 32. Bb5 {[%clk 0:01:07]} Bc6 {[%clk 0:05:13]} 33. Qe2
{[%clk 0:00:47]} Nf4 {[%clk 0:03:58]} 34. Bxc6 Qxc6 {[%clk 0:03:55]} 35. Qe7
{[%clk 0:01:04]} Rf7 {[%clk 0:03:42]} 36. Qd8 {[%clk 0:01:28]} Qd5
{[%clk 0:02:32]} 37. Qxd5 {[%clk 0:00:55]} Nxd5 {[%clk 0:02:56]} 38. Re6+
{[%clk 0:01:22]} Kh7 {[%clk 0:02:56]} 39. Rd6 {[%clk 0:01:07]} Nf4
{[%clk 0:03:00]} 40. g3 {[%clk 0:01:15]} Ne2 {[%clk 0:02:51]} 41. Be5
{[%clk 0:00:37]} f4 {[%clk 0:27:58]} 42. Kg2 {[%clk 0:28:17]} Re7
{[%clk 0:27:37]} 43. Rd5 {[%clk 0:27:27]} Kg6 {[%clk 0:24:58]} 44. Kf2
{[%clk 0:25:05]} fxg3+ {[%clk 0:24:03]} 45. hxg3 {[%clk 0:25:14]} Nc1
{[%clk 0:24:20]} 46. f4 {[%clk 0:24:34]} gxf4 {[%clk 0:22:51]} 47. gxf4
{[%clk 0:22:36]} Nb3 {[%clk 0:19:02]} 48. Kf3 {[%clk 0:21:51]} Nc5
{[%clk 0:17:37]} 49. a5 {[%clk 0:21:33]} Rd7 {[%clk 0:17:34]} 50. axb6
{[%clk 0:14:42]} axb6 {[%clk 0:17:28]} 51. Rxd7 {[%clk 0:06:08]} Nxd7
{[%clk 0:17:16]} 52. Bc7 {[%clk 0:05:50]} Kf5 {[%clk 0:15:00]} 53. c4
{[%clk 0:06:15]} h5 {[%clk 0:15:13]} 54. Bd8 {[%clk 0:06:41]} Ke6
{[%clk 0:14:31]} 55. Kg3 {[%clk 0:03:24]} Kf5 {[%clk 0:14:04]} 1/2-1/2

[Event "Extraliga 2018/2019"]
[Site "?"]
[Date "2018.11.03"]
[Round "1.7"]
[White "UNB9 Petrova Kristyna WIM 2248"]
[Black "TES8 Hollan Martin FM 2325"]
[Result "0-1"]
[BlackElo "2325"]
[WhiteElo "2248"]
[LiveChessVersion "1.4.8"]

1. e4 {[%clk 1:30:57]} e5 {[%clk 1:30:35]} 2. Nf3 {[%clk 1:31:22]} Nc6
{[%clk 1:30:56]} 3. Bb5 {[%clk 1:31:44]} a6 {[%clk 1:31:03]} 4. Ba4
{[%clk 1:32:09]} g6 {[%clk 1:30:25]} 5. c3 {[%clk 1:31:53]} Bg7 {[%clk 1:30:42]}
6. d4 {[%clk 1:31:29]} exd4 {[%clk 1:30:02]} 7. cxd4 {[%clk 1:30:55]} b5
{[%clk 1:30:05]} 8. Bb3 {[%clk 1:30:32]} Nge7 {[%clk 1:29:38]} 9. O-O
{[%clk 1:27:47]} d6 {[%clk 1:28:39]} 10. h3 {[%clk 1:25:48]} O-O {[%clk 1:28:59]}
11. a4 {[%clk 1:13:55]} b4 {[%clk 1:28:32]} 12. d5 {[%clk 0:56:04]} Na5
{[%clk 1:28:19]} 13. Bc2 {[%clk 0:56:15]} c5 {[%clk 1:24:46]} 14. dxc6
{[%clk 0:53:58]} Nexc6 {[%clk 1:23:00]} 15. Nbd2 {[%clk 0:53:51]} Bb7
{[%clk 1:19:21]} 16. Nb3 {[%clk 0:42:39]} Nc4 {[%clk 1:10:08]} 17. Rb1
{[%clk 0:43:04]} Rc8 {[%clk 1:08:18]} 18. Bd3 {[%clk 0:39:26]} N6e5
{[%clk 1:00:14]} 19. Nxe5 {[%clk 0:39:51]} Nxe5 {[%clk 1:00:31]} 20. Bf4
{[%clk 0:35:20]} d5 {[%clk 0:57:03]} 21. Bxe5 {[%clk 0:24:04]} Bxe5
{[%clk 0:57:09]} 22. Qf3 {[%clk 0:24:26]} Qf6 {[%clk 0:47:33]} 23. Qxf6
{[%clk 0:19:22]} Bxf6 {[%clk 0:47:53]} 24. Rfe1 {[%clk 0:19:05]} Rfe8
{[%clk 0:44:19]} 25. e5 {[%clk 0:12:21]} Bd8 {[%clk 0:27:52]} 26. Kf1
{[%clk 0:12:42]} Kg7 {[%clk 0:25:59]} 27. f4 {[%clk 0:10:06]} Bh4
{[%clk 0:16:49]} 28. Re2 {[%clk 0:10:02]} Bg3 {[%clk 0:15:22]} 29. Na5
{[%clk 0:10:13]} Ba8 {[%clk 0:15:12]} 30. f5 {[%clk 0:07:11]} Rxe5
{[%clk 0:11:36]} 31. Rxe5 {[%clk 0:04:16]} Bxe5 {[%clk 0:11:51]} 32. Bxa6
{[%clk 0:04:42]} Rc5 {[%clk 0:10:25]} 33. Nb3 {[%clk 0:04:54]} Rc2
{[%clk 0:10:46]} 34. Bd3 {[%clk 0:05:08]} Rxb2 {[%clk 0:10:24]} 35. Rxb2
{[%clk 0:04:16]} Bxb2 {[%clk 0:10:41]} 36. a5 {[%clk 0:04:44]} Kf6
{[%clk 0:09:49]} 37. fxg6 {[%clk 0:04:43]} fxg6 {[%clk 0:10:06]} 38. Ke2
{[%clk 0:04:16]} Ke5 {[%clk 0:08:56]} 39. a6 {[%clk 0:03:28]} Kd6
{[%clk 0:07:40]} 40. Kd2 {[%clk 0:01:46]} Kc6 {[%clk 0:04:36]} 41. Kc2
{[%clk 0:28:38]} Bc3 {[%clk 0:31:48]} 42. h4 {[%clk 0:26:22]} Kb6
{[%clk 0:29:13]} 43. g4 {[%clk 0:26:34]} Bc6 {[%clk 0:26:32]} 44. h5
{[%clk 0:24:09]} gxh5 {[%clk 0:26:18]} 45. gxh5 {[%clk 0:24:09]} h6
{[%clk 0:26:38]} 46. Nc1 {[%clk 0:24:18]} Ba4+ {[%clk 0:25:10]} 47. Kb1
{[%clk 0:24:11]} Bd1 {[%clk 0:19:19]} 48. Ne2 {[%clk 0:24:36]} Be5
{[%clk 0:17:42]} 49. Ka2 {[%clk 0:21:54]} Ka7 {[%clk 0:14:31]} 50. Kb1
{[%clk 0:17:54]} Bb3 {[%clk 0:14:14]} 51. Nc1 {[%clk 0:15:58]} Bc4
{[%clk 0:14:32]} 52. Kc2 {[%clk 0:16:27]} Kxa6 0-1